Osobitosti účtovania a oceňovania obchodných podielov bakalárska práca

Salvato in:
Dettagli Bibliografici
Autore principale: Kováčová, Kristína
Ente Autore: Fakulta hospodárskej informatiky EU. Katedra účtovníctva a audítorstva
Altri autori: Gedeon, Milan, 1993-
Natura: Libro
Lingua:slovacco
Pubblicazione: Bratislava 2023
Tags: Aggiungi Tag
Nessun Tag, puoi essere il primo ad aggiungerne!!

MARC

LEADER 00000nbm a2200000 4500
001 0295073
005 20240208131007.3
041 0 |a slo 
044 |a SK 
245 1 0 |a Osobitosti účtovania a oceňovania obchodných podielov  |b bakalárska práca  |c Kristína Kováčová ; školiteľ: Milan Gedeon 
264 1 |a Bratislava  |c 2023 
300 |a 43 s. 
100 1 |a Kováčová, Kristína 
700 1 |a Gedeon, Milan, 1993- 
710 2 |a Fakulta hospodárskej informatiky EU. Katedra účtovníctva a audítorstva